Movies Quiz

Random Movies or Clip Quiz

'Hello' Movies Quiz Stats

Quiz Updated Aug 11, 2016

Also try: Movie By Trailer
Challenge
Share
Tweet
Score 0/43 Timer 08:00
0 Plays Today
Time Movie % Correct
0:25-0:25Avatar
92.5%
0:45-0:47Planet of the Apes
88.8%
0:38-0:42The Matrix
86.2%
0:17-0:18Toy Story 3
84.9%
0:12-0:15Back to the Future
83.8%
0:37-0:38Back to the Future
83.8%
0:49-0:51Back to the Future
83.8%
0:35-0:35Borat: Cultural Learnings of America for Make Benefit Glorious Nation of Kazakhstan
80.9%
1:03-1:04A Few Good Men
65.3%
0:33-0:33The Naked Gun
62.3%
0:42-0:45The Naked Gun
62.3%
0:30-0:33Airplane!
57.2%
0:35-0:36Yellow Submarine
56.1%
0:20-0:21Jailhouse Rock
54.7%
0:47-0:49Goodfellas
52.8%
0:58-1:00Gandhi
51.4%
0:21-0:23Annie Hall
50.9%
0:27-0:28Enter the Dragon
46.5%
1:07-1:12Total Recall
43.8%
0:19-0:19Schindler's List
43.5%
0:55-0:56Schindler's List
43.5%
0:11-0:11Being John Malkovich
42%
Time Movie % Correct
0:23-0:25The Birds
36.5%
0:57-0:57Inception
34.5%
0:33-0:34Goldfinger
33.8%
1:06-1:07Taxi Driver
31.5%
0:00-0:08E.T.: The Extra-Terrestrial
30.7%
0:51-0:51Ben-Hur
29.1%
0:36-0:37From Dusk Till Dawn
26.6%
0:34-0:34L.A. Confidential
22.7%
0:26-0:26Lawrence of Arabia
17.2%
0:53-0:53Lawrence of Arabia
17.2%
0:10-0:11Braveheart
16.8%
0:28-0:30The Big Lebowski
16.7%
1:01-1:01First Blood
15.9%
0:45-0:45Singin' in the Rain
11.8%
1:04-1:06Glengarry Glen Ross
11.4%
0:54-0:54Easy Rider
11.2%
0:52-0:53Lethal Weapon 2
11.1%
0:09-0:09Bride of Frankenstein
4.4%
0:16-0:16Magnolia
3.5%
0:58-0:58Shaft
1.5%
1:02-1:02Shaft
1.5%

You're not logged in!

Compare scores with friends on all Sporcle quizzes.
Join for Free
OR
Log In

You Might Also Like...

Show Comments

Extras

Top Quizzes Today


Score Distribution

Your Account Isn't Verified!

In order to create a playlist on Sporcle, you need to verify the email address you used during registration. Go to your Sporcle Settings to finish the process.

Report this User

Report this user for behavior that violates our Community Guidelines.

Details: